01245nab a22002537a 4500999001500000003000400015005001700019008004100036040000700077100003500084245017100119260004200290300001300332500003600345505022500381505008900606650002600695650004000721650003600761650003100797650003000828773012000858942001300978 c6536d6536OSt20260223113029.0190506c xxu||||| |||| 00| 0 spa d cPJ 94420aToledo Ríos, Rafael E.13aLa Convención sobre los Derechos de las Personas con Discapacidad, fuente jurídica de la Seguridad Social. Investigación (Parte III) /cRafael E. Toledo Ríos. aBuenos Aires :bAbeledoPerrot,c2024. ap. 69-84 aCita: TR LALEY AR/DOC/209/2024. aSumario: XI. Última parte.— XII. Tribunales provinciales y federales con asiento en las provincias.— XIII. Las disposiciones convencionales que aplica la Seguridad Social.— XIV. Apéndice.— XV. Bibliografía. t¿Te interesa el texto completo? Comunicate al correo: koha@justierradelfuego.gov.ar 091316aDERECHO LABORAL 094695aSITUACIÓN DE VULNERABILIDAD 093271aPERSONAS CON DISCAPACIDAD 091803aRELACIONES LABORALES 091323aCONTRATO DE TRABAJO0 0275193202dBuenos Aires : AbeledoPerrot, 2013-tRevista de derecho laboral y seguridad social. Nº 6 - Marzo 2024 2udccANA